|
|
|
|
| LEADER |
00988nam a2200265 a 4500 |
| 001 |
690374 |
| 008 |
100429s1997 nyua b 001 0 eng d |
| 010 |
|
|
|a \\\96022208
|
| 020 |
|
|
|a 0070463727
|
| 040 |
|
|
|a DLC
|c DLC
|d DLC
|d BD-DhAAL
|
| 082 |
0 |
0 |
|a 361.1
|2 20
|
| 100 |
1 |
|
|a Neubeck, Kenneth J.
|
| 245 |
1 |
0 |
|a Social problems :
|b a critical approach /
|c Kenneth J. Neubeck, Mary Alice Neubeck.
|
| 250 |
|
|
|a 4th ed.
|
| 260 |
|
|
|a New York :
|b The McGraw-Hill Companies,
|c 1997.
|
| 300 |
|
|
|a xvii, 646 p. :
|b ill. ;
|c 24 cm.
|
| 504 |
|
|
|a Includes bibliographical references and indexes.
|
| 541 |
1 |
|
|e 00007594
|
| 650 |
|
0 |
|a Social problems.
|
| 650 |
|
0 |
|a Social history
|y 20th century.
|
| 651 |
|
0 |
|a United States
|x Social conditions
|y 1980-
|
| 700 |
1 |
|
|a Neubeck, Mary Alice.
|
| 852 |
4 |
|
|a Ayesha Abed Library
|j General Shelf
|
| 999 |
|
|
|c 8377
|d 8377
|
| 952 |
|
|
|0 0
|1 0
|2 ddc
|4 0
|6 361_100000000000000_NEU_1997
|7 0
|9 9726
|a BRACUL
|b BRACUL
|c GEN
|d 2010-05-04
|l 0
|o 361.1 NEU
|p 3010007594
|r 2010-05-04
|t 1
|w 2010-05-04
|y BK
|